Návrh efektívnej marketingovej komunikácie pre odvetvie vinárstva na Slovensku bakalárska práca

Salvato in:
Dettagli Bibliografici
Autore principale: Uhrinová, Martina
Ente Autore: Obchodná fakulta EU. Katedra marketingu
Altri autori: Lukačovičová, Zuzana
Natura: Libro
Lingua:slovacco
Pubblicazione: Bratislava 2014
Tags: Aggiungi Tag
Nessun Tag, puoi essere il primo ad aggiungerne!!

MARC

LEADER 00000nbm a2200000 4500
001 0188177
005 20170201100227.8
041 0 |a slo 
044 |a SK 
245 1 0 |a Návrh efektívnej marketingovej komunikácie pre odvetvie vinárstva na Slovensku  |b bakalárska práca  |c Martina Uhrinová ; školiteľ: Zuzana Lukačovičová 
264 1 |a Bratislava  |c 2014 
300 |a 62 s. 
100 1 |a Uhrinová, Martina 
700 1 |a Lukačovičová, Zuzana 
710 2 |a Obchodná fakulta EU. Katedra marketingu